SOR PATROCINIO : LA MONJA DE LAS LLAGAS /

INDICE

Na minha lista:
Detalhes bibliográficos
Autor principal: Jarnés, Benjamín (autor)
Formato: Livro
Colecção:AUSTRAL ; 1497
Assuntos:
Tags: Adicionar Tag
Sem tags, seja o primeiro a adicionar uma tag!

MARC

LEADER 00000nam^a2200000^a^4500
001 000239522
005 20250521000000.0
009 20260310105058.709
035 |a 062288 
037 |a Acervo Xavier Clavigero 
082 |a 808. 8  |b JAR 
100 |a Jarnés, Benjamín  |e (autor) 
245 1 0 |a SOR PATROCINIO :  |b LA MONJA DE LAS LLAGAS /  |c BENJAMIN JARNES 
264 |a MADRID :  |b ESPASA-CALPE,  |c 1971 
300 |a 223 p. 
336 |a texto  |b txt  |2 rdacontenido 
337 |a sin mediación  |b n  |2 rdamedio 
338 |a volumen  |b nc  |2 rdasoporte 
440 |a AUSTRAL ;  |v 1497 
520 |a INDICE 
649 |a XX 
650 |a LITERATURA -  |x COLECCIONES 
650 |a QUIROGA Y PATROCINIO, MARIA JOSEFA DOLORES ANASTASIA DE, 1809-1891 -  |x BIOGRAFIA 
910 |a Fondo General 
920 |a Impresos - Libros 
930 |a Colección General 
940 |a Literatura 
905 |a 101 
901 |a 062288  |b IT1  |c LIT  |i 062288  |u 20250521 
902 |a https://opac.biblio.iteso.mx/vufind/Record/000239522